[Event "IMSA Blitz 2016"]
[Site "Huai'an CHN"]
[Date "2016.02.29"]
[Round "19.7"]
[White "Navara, David"]
[Black "Fressinet, Laurent"]
[Result "1/2-1/2"]
[WhiteTitle "GM"]
[BlackTitle "GM"]
[WhiteElo "2734"]
[BlackElo "2700"]
[WhiteFideId "309095"]
[BlackFideId "608742"]
[EventDate "2016.02.28"]

1. d4 Nf6 2. c4 g6 3. Nc3 Bg7 4. e4 d6 5. Nf3 O-O 6. Be2 Nbd7 7. O-O e5 8. Re1
Re8 9. d5 Nc5 10. Bf1 a5 11. b3 Bd7 12. a3 a4 13. b4 Nb3 14. Ra2 Nxc1 15. Qxc1
Nh5 16. c5 f5 17. c6 bxc6 18. Bc4 c5 19. bxc5 Nf4 20. g3 Nh3+ 21. Kg2 Rf8 22.
Bb5 Bc8 23. Bc6 Rb8 24. Rb2 Rxb2 25. Qxb2 Qf6 26. Qe2 f4 27. Rf1 Bg4 28. Qd3 g5
29. Bxa4 h5 30. Bc6 Bc8 31. a4 dxc5 32. a5 c4 33. Qxc4 g4 34. Nh4 Kh8 35. a6
Bxa6 36. Qxa6 Bh6 37. Nf5 f3+ 38. Kh1 Qg5 39. Be8 Bg7 40. Qg6 Nxf2+ 41. Kg1 Nh3+
42. Kh1 Nf2+ 43. Kg1 Nh3+ 44. Kh1 1/2-1/2

[Event "IMSA Blitz 2016"]
[Site "Huai'an CHN"]
[Date "2016.02.29"]
[Round "20.1"]
[White "Li, Chao b"]
[Black "Sargissian, Gabriel"]
[Result "1-0"]
[WhiteTitle "GM"]
[BlackTitle "GM"]
[WhiteElo "2751"]
[BlackElo "2702"]
[WhiteFideId "8604436"]
[BlackFideId "13300881"]
[EventDate "2016.02.28"]

1. d4 Nf6 2. c4 e6 3. g3 d5 4. Bg2 Bb4+ 5. Bd2 Be7 6. Nf3 O-O 7. O-O c6 8. Nc3
Nbd7 9. Bg5 b6 10. Nd2 Bb7 11. e4 dxe4 12. Ncxe4 Nxe4 13. Bxe7 Qxe7 14. Nxe4
Rfd8 15. Qb3 c5 16. d5 exd5 17. cxd5 c4 18. Qb5 Rac8 19. Rad1 Nc5 20. d6 Qd7 21.
Qxd7 Nxd7 22. Nf6+ Nxf6 23. Bxb7 Rc5 24. Rfe1 Kf8 25. a4 Ne8 26. d7 Nf6 27. Bc8
Rc7 28. Rd4 Nxd7 29. Ba6 Rb8 30. Bxc4 Nf6 31. b3 Rd7 32. Rf4 Re7 33. Rd1 Rbe8
34. Kg2 h6 35. h4 Re4 36. Rf3 R4e5 37. Rd6 R5e7 38. Rd4 Re4 39. Rd6 R4e7 40. Bb5
Rc8 41. Ba6 Rce8 42. Bc4 Rc8 43. Rf5 Rce8 44. a5 Re5 45. Rxe5 Rxe5 46. axb6 axb6
47. Rxb6 Ne4 48. Rb8+ Re8 49. Rxe8+ Kxe8 50. Kf3 Nd6 51. Ke3 g5 52. hxg5 hxg5
53. Kd4 Ke7 54. Kd5 f5 55. Bd3 f4 56. gxf4 gxf4 57. Ke5 f3 58. Kf4 Ke6 59. Bc4+
Kf6 60. Bd5 Nb5 61. b4 Nc3 62. Bc6 Ne2+ 63. Ke3 Ke5 64. Bxf3 Nd4 65. Bd1 Nf5+
66. Kd3 Nd6 67. Bb3 Ne4 68. Ke3 Nc3 69. f4+ Kf5 70. Bc2+ Kf6 71. Be4 Ke6 72. Bc6
Kd6 73. b5 Na4 74. Kd4 Ke6 75. Be4 Kd6 76. f5 Nb6 77. Bc2 Nd7 78. Bb3 Nc5 79.
Bd5 Nd7 80. Bc6 Nf6 81. Bg2 Nd7 82. Ke4 Nf6+ 83. Kf4 Nd7 84. Bc6 Ne5 85. Kg5 Ke7
86. Bd5 Nd7 87. Be6 Nc5 88. b6 Ne4+ 1-0

[Event "IMSA Blitz 2016"]
[Site "Huai'an CHN"]
[Date "2016.02.29"]
[Round "20.6"]
[White "Movsesian, Sergei"]
[Black "Tomashevsky, Evgeny"]
[Result "1/2-1/2"]
[WhiteTitle "GM"]
[BlackTitle "GM"]
[WhiteElo "2653"]
[BlackElo "2728"]
[WhiteFideId "310204"]
[BlackFideId "4147235"]
[EventDate "2016.02.28"]

1. Nf3 Nf6 2. g3 b6 3. Bg2 Bb7 4. O-O e6 5. d3 d5 6. Nbd2 Be7 7. e4 c5 8. Re1
Nc6 9. e5 Nd7 10. Qe2 Qc7 11. h4 h6 12. h5 b5 13. Nf1 Nb6 14. Bf4 O-O-O 15. N1h2
Kb8 16. c3 d4 17. Rac1 dxc3 18. bxc3 Ka8 19. Ng4 Rd7 20. d4 a6 21. Ne3 Na5 22.
a4 bxa4 23. Nd2 Bxg2 24. Nxg2 c4 25. Qg4 Rb8 26. Qxg7 Bf8 27. Qg4 Nb3 28. Rc2
Nd5 29. Ne3 Nxd2 30. Rxd2 a3 31. Qe2 Nxe3 32. Qxe3 Qc6 33. Bxh6 Bxh6 34. Qxh6
Rb2 35. Ra1 Rdb7 36. d5 Qb6 37. d6 a2 38. Rxa2 Rxa2 39. Rxa2 Qb1+ 40. Kg2 Qxa2
41. Qf8+ Ka7 42. Qc8 Qc2 43. Qc5+ Ka8 44. Qc8+ Ka7 45. Qc5+ Ka8 46. Qc8+ Ka7 1/2-1/2

[Event "IMSA Blitz 2016"]
[Site "Huai'an CHN"]
[Date "2016.03.01"]
[Round "21.1"]
[White "Mamedov, Rauf"]
[Black "Li, Chao b"]
[Result "1-0"]
[WhiteTitle "GM"]
[BlackTitle "GM"]
[WhiteElo "2650"]
[BlackElo "2751"]
[WhiteFideId "13401653"]
[BlackFideId "8604436"]
[EventDate "2016.02.28"]

1. e4 c5 2. Nf3 Nc6 3. Bb5 g6 4. c3 Bg7 5. d4 cxd4 6. cxd4 Nf6 7. Nc3 d5 8. Ne5
O-O 9. Nxc6 bxc6 10. Bxc6 Rb8 11. e5 Ne4 12. O-O Nxc3 13. bxc3 Ba6 14. Re1 Qa5
15. Qa4 Qxa4 16. Bxa4 Rfc8 17. Ba3 Rxc3 18. Bxe7 Rc4 19. Bd6 Rb2 20. Rab1 Rxb1
21. Rxb1 h5 22. Bd7 Rxd4 23. h3 Re4 24. Rb8+ Kh7 25. Re8 d4 26. e6 fxe6 27. Bxe6
d3 28. Bg8+ Kh8 29. Rxe4 Kxg8 30. Bf4 Bc3 31. Ra4 Bb5 32. Rxa7 d2 33. Ra8+ Kf7
34. Rd8 Ba5 35. Rd4 Bc3 36. Rd5 Bc6 37. Rd8 Ba5 38. Rd3 Bb5 39. Rxd2 Bxd2 40.
Bxd2 Ke6 41. f3 Kd5 42. Kf2 Bc4 43. a4 Ba6 44. a5 Ke5 45. Ke3 Bf1 46. g4 hxg4
47. hxg4 Ba6 48. Bc3+ Kd5 49. Kf4 Be2 50. Be1 Ke6 51. Kg3 Ke5 52. Bc3+ Kd5 53.
f4 Ke4 54. Bd2 Kd5 55. Kh4 Ke6 56. Kg5 Bd3 57. a6 Kf7 58. a7 Be4 59. Be3 Bd5 60.
Bd4 Be4 61. f5 gxf5 62. gxf5 Ke7 63. Kg6 Kd7 64. Kg5 Kd6 65. f6 Ke6 66. Bf2 Bd5
67. Kg6 Kd7 68. f7 1-0

[Event "IMSA Blitz 2016"]
[Site "Huai'an CHN"]
[Date "2016.03.01"]
[Round "21.4"]
[White "Tomashevsky, Evgeny"]
[Black "Wojtaszek, Radoslaw"]
[Result "1/2-1/2"]
[WhiteTitle "GM"]
[BlackTitle "GM"]
[WhiteElo "2728"]
[BlackElo "2727"]
[WhiteFideId "4147235"]
[BlackFideId "1118358"]
[EventDate "2016.02.28"]

1. e4 c5 2. Nf3 d6 3. Bb5+ Nd7 4. O-O a6 5. Bd3 Ngf6 6. Re1 b5 7. Bf1 Bb7 8. d3
e6 9. a4 Be7 10. Nbd2 O-O 11. c3 Re8 12. d4 cxd4 13. cxd4 Qb6 14. Bd3 e5 15. d5
Nc5 16. a5 Qc7 17. Bc2 Rac8 18. b4 Ncd7 19. Bb3 Nf8 20. Nf1 Ng6 21. Bd2 Bf8 22.
g3 Qd7 23. Qe2 Qg4 24. Ng5 Qd7 25. Nf3 Rc7 26. Rac1 Rec8 27. Rxc7 Rxc7 28. Bg5
Be7 29. Bxf6 Bxf6 30. Ne3 Bd8 31. Qd2 Rc8 32. Rc1 Rxc1+ 33. Qxc1 Qc7 34. Qxc7
Bxc7 35. Bd1 Ne7 36. Kf1 g6 37. Ke2 Bb8 38. Kd3 f5 39. Ng5 Ba7 40. f3 Bc8 41.
Bb3 Kg7 42. Ne6+ Bxe6 43. dxe6 Bxe3 44. Kxe3 Kf6 45. Bd5 Nxd5+ 46. exd5 Ke7 47.
Kf2 Kf6 48. Kg2 h5 49. h4 Ke7 50. g4 Ke8 51. gxf5 gxf5 52. Kf2 Ke7 1/2-1/2

[Event "IMSA Blitz 2016"]
[Site "Huai'an CHN"]
[Date "2016.03.01"]
[Round "21.8"]
[White "Navara, David"]
[Black "Sargissian, Gabriel"]
[Result "1-0"]
[WhiteTitle "GM"]
[BlackTitle "GM"]
[WhiteElo "2734"]
[BlackElo "2702"]
[WhiteFideId "309095"]
[BlackFideId "13300881"]
[EventDate "2016.02.28"]

1. d4 Nf6 2. Nf3 d5 3. c4 e6 4. Bg5 h6 5. Bxf6 Qxf6 6. Nc3 Qd8 7. Qb3 c6 8. e4
dxe4 9. Nxe4 Qa5+ 10. Nc3 Be7 11. Bd3 O-O 12. O-O Rd8 13. Rad1 Nd7 14. Rfe1 Bf6
15. Ne4 Qc7 16. Bb1 Be7 17. Qc2 Nf8 18. Ne5 Bd7 19. c5 Be8 20. Nc4 Rd5 21. Ncd6
Bxd6 22. Nxd6 Rxd6 23. cxd6 Qxd6 24. Qc5 Qd8 25. Re3 Nd7 26. Qc1 Nf6 27. Rg3 Kf8
28. Qc5+ Kg8 29. Qe5 Kf8 30. Rb3 b6 31. h3 Qd5 32. Qxd5 Nxd5 33. Be4 Ne7 34. Ra3
Bd7 35. b4 Nd5 36. Bxd5 exd5 37. Re1 g6 38. g4 Be6 39. Kg2 g5 40. Kg3 Bd7 41. f4
gxf4+ 42. Kxf4 a5 43. bxa5 bxa5 44. Rb1 Re8 45. Rb7 Re4+ 46. Kg3 Be6 47. Rc7
Rxd4 48. Rxc6 Rd2 49. Rxa5 d4 50. a4 d3 51. Rd6 Bc4 52. Rc5 Rc2 53. a5 d2 54. a6
Rc3+ 55. Kf2 Bd3 56. Rxc3 d1=Q 57. Rcxd3 Qc2+ 58. Kg3 Qc7 59. Kh4 Qe7+ 60. Kg3
Qe1+ 61. Kf3 Qa1 62. Re3 Qa4 63. Rxh6 Qd1+ 64. Kf4 Qd4+ 65. Kf3 Qd1+ 66. Kg3
Qg1+ 67. Kf4 Qf2+ 68. Ke4 Qc2+ 69. Kf3 Qd1+ 70. Re2 Qd3+ 71. Kf2 Qd4+ 72. Kg2
Qd5+ 73. Kh2 Qf3 74. Rh8+ Kg7 75. Rhe8 Qa3 76. R8e3 Qxa6 77. Rf2 Qd6+ 78. Kg2
Qd5+ 79. Ref3 Qc6 80. Kg1 Qc1+ 81. Rf1 Qc5+ 82. Kh2 Qc7+ 83. Kg2 Qc6 84. Kg3
Qd6+ 85. Rf4 Qc7 86. Kh4 Qd8+ 87. g5 Qd2 88. Rxf7+ Kg8 89. Kh5 Qe2+ 90. R1f3 Qe8
91. h4 Kh8 92. Kh6 Qg8 93. Rf8 1-0

[Event "IMSA Blitz 2016"]
[Site "Huai'an CHN"]
[Date "2016.03.01"]
[Round "22.1"]
[White "Li, Chao b"]
[Black "Navara, David"]
[Result "0-1"]
[WhiteTitle "GM"]
[BlackTitle "GM"]
[WhiteElo "2751"]
[BlackElo "2734"]
[WhiteFideId "8604436"]
[BlackFideId "309095"]
[EventDate "2016.02.28"]

1. e4 c6 2. d4 d5 3. f3 Qb6 4. Nc3 e6 5. a3 Nf6 6. Be3 dxe4 7. fxe4 Ng4 8. Na4
Nxe3 9. Nxb6 Nxd1 10. Nxa8 Nxb2 11. Nf3 Na4 12. Ne5 f6 13. Nc7+ Ke7 14. Nd3 Kd8
15. Na8 b6 16. g3 Bb7 17. Bh3 Bxa8 18. Bxe6 Nc3 19. Nf2 Nb5 20. a4 Nxd4 21.
O-O-O Ba3+ 22. Kb1 Ke7 23. Bg4 Ne6 24. Nd3 Bd6 25. Rhe1 Nd7 26. Nf4 Nec5 27. Rd2
Ne5 28. h3 Nxa4 29. Rd4 Nc3+ 30. Kb2 Nb5 31. Ra4 a5 32. Rd1 Nxg4 0-1

[Event "IMSA Blitz 2016"]
[Site "Huai'an CHN"]
[Date "2016.03.01"]
[Round "22.8"]
[White "Ponomariov, Ruslan"]
[Black "Mamedov, Rauf"]
[Result "1-0"]
[WhiteTitle "GM"]
[BlackTitle "GM"]
[WhiteElo "2712"]
[BlackElo "2650"]
[WhiteFideId "14103320"]
[BlackFideId "13401653"]
[EventDate "2016.02.28"]

1. e4 c5 2. Nf3 Nc6 3. Bb5 g6 4. Bxc6 dxc6 5. d3 Bg7 6. h3 b6 7. Nc3 e5 8. a3 a5
9. Be3 Ne7 10. Na4 Rb8 11. Qd2 h6 12. b4 f5 13. Qc3 cxb4 14. axb4 b5 15. Nc5 a4
16. Nxe5 O-O 17. Bd4 Bf6 18. Nf3 Bxd4 19. Nxd4 Qd6 20. O-O f4 21. Nf3 g5 22. Ne5
f3 23. d4 fxg2 24. Kxg2 Ng6 25. Nxg6 Qxg6 26. Qg3 Rf4 27. f3 Be6 28. Nd3 Rh4 29.
Qxb8+ Kh7 30. Qc7+ Kg8 31. Rh1 Rxe4 32. Rae1 1-0

[Event "IMSA Blitz 2016"]
[Site "Huai'an CHN"]
[Date "2016.03.01"]
[Round "23.1"]
[White "Ponomariov, Ruslan"]
[Black "Li, Chao b"]
[Result "0-1"]
[WhiteTitle "GM"]
[BlackTitle "GM"]
[WhiteElo "2712"]
[BlackElo "2751"]
[WhiteFideId "14103320"]
[BlackFideId "8604436"]
[EventDate "2016.02.28"]

1. e4 c5 2. Nf3 d6 3. d4 cxd4 4. Nxd4 Nf6 5. Nc3 Nc6 6. Bg5 e6 7. Qd2 a6 8.
O-O-O Bd7 9. f4 h6 10. Bh4 b5 11. Bxf6 gxf6 12. Kb1 b4 13. Nce2 Qb6 14. Nf3 h5
15. f5 e5 16. Nc1 Na5 17. Nb3 Nxb3 18. cxb3 Bc6 19. Bd3 Bh6 20. Qe1 Qb7 21. Qh4
Ke7 22. Rhe1 Rag8 23. Qf2 a5 24. Re2 a4 25. bxa4 Bxa4 26. b3 Bc6 27. h3 Ra8 28.
Qh4 Rag8 29. Bc4 Bf4 30. Qe1 Rxg2 31. Bd5 Bxd5 32. Rxd5 Rhg8 33. Qf1 Qc7 34. Rd1
Rxe2 35. Qxe2 Rc8 36. Ne1 Qc3 37. Nc2 h4 38. Rd3 Qc5 39. Rd5 Qg1+ 40. Rd1 Qc5
41. Rd5 Qb6 42. Rd1 Rc3 43. Qg2 Rg3 44. Qf1 Qc5 45. Kb2 Rc3 46. Qg2 Rg3 47. Qf1
Be3 48. Kb1 Bd4 49. Qe1 Rc3 50. Nxd4 exd4 51. Qxh4 d3 52. Qe1 Qd4 53. Rd2 Qc5
54. h4 Rc2 55. Rxd3 Rg2 56. Qe3 Qc2+ 0-1

[Event "IMSA Blitz 2016"]
[Site "Huai'an CHN"]
[Date "2016.03.01"]
[Round "23.2"]
[White "Mamedov, Rauf"]
[Black "Movsesian, Sergei"]
[Result "1-0"]
[WhiteTitle "GM"]
[BlackTitle "GM"]
[WhiteElo "2650"]
[BlackElo "2653"]
[WhiteFideId "13401653"]
[BlackFideId "310204"]
[EventDate "2016.02.28"]

1. e4 c5 2. Nf3 d6 3. Bb5+ Nc6 4. O-O Bd7 5. Re1 Nf6 6. c3 a6 7. Bc4 b5 8. Bf1
Bg4 9. a4 b4 10. d4 cxd4 11. cxd4 d5 12. e5 Ne4 13. h3 Bh5 14. Be3 e6 15. Nbd2
Nxd2 16. Qxd2 Be7 17. Bd3 Na5 18. Qe2 Qb6 19. Rac1 O-O 20. g4 Bg6 21. Nd2 Bxd3
22. Qxd3 Rac8 23. f4 f6 24. exf6 Bxf6 25. Bf2 Qd6 26. Rxc8 Rxc8 27. f5 exf5 28.
Qxf5 Rf8 29. Re6 Qd8 30. Qd3 Bh4 31. Re2 h6 32. Bxh4 Qxh4 33. Kg2 Qf6 34. Nf3
Nc4 35. b3 Nd6 36. Ne5 Qf1+ 37. Kh2 Ne4 38. Qe3 Nf2 39. Re1 Nd1 40. Rxf1 Nxe3
41. Rxf8+ Kxf8 42. Nc6 Nc2 43. Nb8 Nxd4 44. Nxa6 Nxb3 45. Nxb4 d4 46. Kg3 Ke7
47. Kf4 Kd6 48. Ke4 Kc5 49. Nd3+ Kc4 50. Ne5+ Kc3 51. Kf5 Nc5 52. Kg6 Nd3 53.
Nxd3 Kxd3 54. a5 Ke3 55. a6 d3 56. a7 d2 57. a8=Q d1=Q 58. Kxg7 Qd6 59. Qe8+ Kf4
60. Qg6 Qe7+ 61. Kxh6 Kg3 62. Qf5 Qh4+ 63. Kg6 Qd8 64. g5 Qd6+ 65. Qf6 Qd3+ 66.
Kh6 Kxh3 67. g6 Qe3+ 68. Kh7 Qe4 69. Kh8 Qa8+ 70. Kg7 Qb7+ 71. Qf7 Qb2+ 72. Kh6
Qd2+ 73. Kh7 Qc2 74. Kg7 Qc3+ 75. Qf6 Qc7+ 76. Kh6 Qc1+ 77. Qg5 Qc6 78. Qf4 Qb6
79. Qf5+ Kh2 80. Kh7 Qb7+ 81. g7 Kg1 82. Kh8 Qb2 83. Qg5+ Kf1 84. Kh7 Qc2+ 85.
Qg6 Qc7 86. Kg8 Qd8+ 87. Kh7 Qc7 88. Qf6+ Ke1 89. Kh8 Qh2+ 90. Kg8 Qb8+ 91. Kh7
Qh2+ 92. Kg6 Qb8 93. Qe6+ 1-0

[Event "IMSA Blitz 2016"]
[Site "Huai'an CHN"]
[Date "2016.03.01"]
[Round "23.5"]
[White "Tomashevsky, Evgeny"]
[Black "Fressinet, Laurent"]
[Result "1-0"]
[WhiteTitle "GM"]
[BlackTitle "GM"]
[WhiteElo "2728"]
[BlackElo "2700"]
[WhiteFideId "4147235"]
[BlackFideId "608742"]
[EventDate "2016.02.28"]

1. e4 d5 2. exd5 Qxd5 3. Nf3 Bg4 4. Be2 Nc6 5. d4 O-O-O 6. c4 Qh5 7. Be3 e5 8.
d5 e4 9. Nd4 Ne5 10. Bxg4+ Nxg4 11. h3 N8f6 12. Nc3 Nxe3 13. fxe3 Qh4+ 14. Kd2
Bc5 15. Kc2 Qg5 16. Qe2 Bxd4 17. exd4 Rhe8 18. Rhf1 e3 19. Rf3 Re7 20. Raf1 Rde8
21. Kb1 Qh4 22. Rf4 Qh5 23. Qxh5 Nxh5 24. R4f3 e2 25. Re1 g5 26. Kc2 Nf4 27. Kd2
Nxg2 28. Rxe2 Nf4 29. Rxe7 Rxe7 30. h4 f6 31. hxg5 fxg5 32. Re3 Kd7 33. Ne4 h6
34. Nf6+ Kd8 35. Rxe7 Kxe7 36. Ng8+ Kf7 37. Nxh6+ Kg6 38. Ng8 g4 39. Ke3 g3 40.
Ne7+ Kf6 41. Nc8 g2 42. Kf2 a6 43. d6 cxd6 44. Nxd6 b6 45. Nc8 b5 46. cxb5 axb5
47. Na7 b4 48. Nc6 Nd3+ 49. Kxg2 Nxb2 50. Nxb4 Kf5 51. Kf3 Nc4 52. a4 Ke6 53.
Ke4 Kd6 54. Na2 Kc6 55. Nc3 Kd6 56. Kd3 Nb2+ 57. Kc2 Nc4 58. Kb3 Ne3 59. Kb4
Nc2+ 60. Kc4 Ne3+ 61. Kb5 Nc2 62. d5 Na3+ 63. Kb4 Nc2+ 64. Kc4 Ne3+ 65. Kb5 Nf5
66. a5 Kc7 67. Kc5 Nd6 68. Nb5+ 1-0

[Event "IMSA Blitz 2016"]
[Site "Huai'an CHN"]
[Date "2016.03.01"]
[Round "24.7"]
[White "Wojtaszek, Radoslaw"]
[Black "Mamedov, Rauf"]
[Result "1/2-1/2"]
[WhiteTitle "GM"]
[BlackTitle "GM"]
[WhiteElo "2727"]
[BlackElo "2650"]
[WhiteFideId "1118358"]
[BlackFideId "13401653"]
[EventDate "2016.02.28"]

1. d4 d6 2. Nf3 g6 3. c4 Nf6 4. Nc3 Bf5 5. Nh4 Bd7 6. e4 e5 7. Nf3 Nc6 8. d5 Ne7
9. c5 Bg7 10. cxd6 cxd6 11. Be2 O-O 12. Nd2 Nh5 13. Bxh5 gxh5 14. Qxh5 Ng6 15.
g3 f5 16. Qe2 f4 17. h4 h6 18. a4 Rc8 19. Nc4 Qe7 20. Bd2 Rc5 21. Na3 a6 22. Rg1
f3 23. Qd3 h5 24. Bg5 Bf6 25. Be3 Rc7 26. a5 Bg4 27. Nc4 Kh7 28. Nb6 Bg7 29. Kd2
Qf6 30. Ra4 Rff7 31. Kc2 Qd8 32. Rga1 Nf8 33. Bg5 Bf6 34. Bxf6 Qxf6 35. Rc4 Rxc4
36. Qxc4 Qd8 37. Ra4 Rc7 38. Qd3 Rc5 39. b4 Rc7 40. b5 Nd7 41. Nxd7 Bxd7 42. Rc4
axb5 43. Rxc7 Qxc7 44. Qxf3 Bg4 45. Qd3 b4 46. Kb2 bxc3+ 47. Qxc3 Qf7 48. Qe3
Qd7 49. f3 Qb5+ 50. Kc3 Qxa5+ 51. Kc2 Qa2+ 52. Kc1 Qc4+ 53. Kb2 Bd7 54. Qg5 Qe2+
55. Kc1 Qf1+ 56. Kb2 Qb5+ 57. Kc1 Be8 58. Qf5+ Bg6 59. Qf6 Qc5+ 60. Kb2 Qd4+ 61.
Kc1 Qc5+ 62. Kb2 Qc7 63. g4 hxg4 64. h5 Bxh5 65. Qh4 Qb6+ 66. Kc3 Qe3+ 67. Kb4
Qd2+ 68. Kb5 Qh6 69. Qe7+ Qg7 70. Qh4 Qg6 71. fxg4 Qxg4 72. Qe7+ Qg7 73. Qxd6
Bg6 74. Qe6 Bxe4 75. Qh3+ Kg8 76. Qe6+ Kh8 77. Qc8+ Qg8 78. Qh3+ Bh7 79. Kc5 e4
80. d6 b6+ 81. Kxb6 Qb8+ 82. Kc5 Qa7+ 83. Kd5 Qb7+ 84. Kc5 Qa7+ 85. Kd5 Qa5+ 86.
Kc6 Qa4+ 87. Kc7 Qc4+ 88. Kd8 Qg8+ 89. Kc7 Qc4+ 90. Kb6 Qd4+ 91. Kc7 e3 92. d7
e2 93. d8=Q+ Qxd8+ 94. Kxd8 e1=Q 95. Kc7 Qe5+ 96. Kc6 Kg7 97. Qd7+ Kh8 98. Qd6
Be4+ 99. Kc7 Qc3+ 100. Kd8 Qc4 101. Qf8+ Kh7 102. Qe7+ Kg6 103. Qd6+ Kf5 104.
Qd7+ Kf4 105. Qc7+ 1/2-1/2

[Event "IMSA Blitz 2016"]
[Site "Huai'an CHN"]
[Date "2016.03.01"]
[Round "24.8"]
[White "Movsesian, Sergei"]
[Black "Ponomariov, Ruslan"]
[Result "0-1"]
[WhiteTitle "GM"]
[BlackTitle "GM"]
[WhiteElo "2653"]
[BlackElo "2712"]
[WhiteFideId "310204"]
[BlackFideId "14103320"]
[EventDate "2016.02.28"]

1. e4 e5 2. Nf3 Nc6 3. Bc4 Nf6 4. d3 Be7 5. O-O O-O 6. a4 d6 7. Re1 Kh8 8. Nbd2
Ng8 9. c3 f5 10. a5 a6 11. b4 g5 12. Nf1 g4 13. N3d2 f4 14. d4 Bf6 15. Nb3 Qe8
16. b5 axb5 17. Bxb5 Bd7 18. d5 Nce7 19. Bxd7 Qxd7 20. c4 Ng6 21. c5 Rf7 22. Ba3
Be7 23. c6 bxc6 24. dxc6 Qxc6 25. Qxg4 f3 26. g3 Nf4 27. Nfd2 h5 28. Qxf3 Nh3+
29. Kg2 Rxf3 30. Nxf3 Ng5 31. Nfd2 Nf6 32. Rac1 Qd7 33. Rc3 c5 34. h4 Qh3+ 35.
Kg1 Ne6 36. Nf1 Nd4 37. Nxd4 exd4 38. Rb3 Rxa5 39. e5 dxe5 40. Rxe5 Qd7 41. Bc1
Kg7 42. Rb1 Kf7 43. Bg5 Rb5 44. Rbe1 Bf8 45. Nd2 Ng4 46. R5e4 Bg7 47. Rf4+ Kg8
48. Re7 Qd5 49. Ne4 Rb1+ 0-1

[Event "IMSA Blitz 2016"]
[Site "Huai'an CHN"]
[Date "2016.03.01"]
[Round "25.1"]
[White "Movsesian, Sergei"]
[Black "Li, Chao b"]
[Result "1-0"]
[WhiteTitle "GM"]
[BlackTitle "GM"]
[WhiteElo "2653"]
[BlackElo "2751"]
[WhiteFideId "310204"]
[BlackFideId "8604436"]
[EventDate "2016.02.28"]

1. e4 c5 2. Nf3 Nc6 3. d4 cxd4 4. Nxd4 Nf6 5. Nc3 d6 6. g3 g6 7. Nde2 Bg7 8. Bg2
O-O 9. O-O Rb8 10. a4 b6 11. Re1 Bb7 12. b3 Rc8 13. Bb2 Nd7 14. Qd2 Nb4 15. h3
Nc5 16. Rab1 Ne6 17. Kh2 h5 18. Ba3 Nc6 19. Nd5 Ncd4 20. Nxd4 Nxd4 21. c4 h4 22.
g4 e6 23. Nc3 g5 24. Kg1 Be5 25. Nb5 Nxb5 26. axb5 Rc7 27. Rbd1 Rd7 28. Bc1 Bf4
29. Qc3 Be5 30. Qd2 Bf4 31. Qa2 Ba8 32. Bxf4 gxf4 33. Rd2 Qg5 34. f3 Rfd8 35. b4
Qe5 36. Qa1 f6 37. Red1 Qg5 38. Kh2 f5 39. exf5 exf5 40. Re1 fxg4 41. hxg4 h3
42. Bh1 Qh4 43. Rg1 Re8 44. Qd4 Rde7 45. Qf2 Qxf2+ 46. Rxf2 d5 47. c5 bxc5 48.
bxc5 Rb8 49. Rb1 Rc7 50. Rc2 d4 51. Rb4 d3 52. Rd2 Rxc5 53. Rxd3 Rc2+ 54. Kxh3
Kg7 55. g5 Rh8+ 56. Kg4 Rxh1 57. Rd7+ Kg6 58. Rd6+ Kf7 59. Rxf4+ Ke7 60. Ra6
Rg1+ 61. Kh5 Bb7 62. Rxa7 Rc7 63. b6 Rd7 64. Ra5 Ke6 65. Rf6+ Ke7 66. Re5+ 1-0

[Event "IMSA Blitz 2016"]
[Site "Huai'an CHN"]
[Date "2016.03.01"]
[Round "25.2"]
[White "Ponomariov, Ruslan"]
[Black "Wojtaszek, Radoslaw"]
[Result "1-0"]
[WhiteTitle "GM"]
[BlackTitle "GM"]
[WhiteElo "2712"]
[BlackElo "2727"]
[WhiteFideId "14103320"]
[BlackFideId "1118358"]
[EventDate "2016.02.28"]

1. e4 c5 2. Nf3 e6 3. d4 cxd4 4. Nxd4 a6 5. c4 Nf6 6. Nc3 Qc7 7. a3 b6 8. Be3
Bb7 9. f3 d6 10. Be2 Nbd7 11. Rc1 Be7 12. O-O O-O 13. Kh1 Rac8 14. b4 Rfd8 15.
Bg1 Qb8 16. Nb3 Ba8 17. Qd2 Ne5 18. Na4 Nfd7 19. Rc2 Bc6 20. Nb2 Ba8 21. Rd1 h6
22. a4 Nc6 23. Nd3 Nde5 24. b5 Nxd3 25. Bxd3 Ne5 26. bxa6 Nd7 27. a5 Nc5 28. Rb2
Nxd3 29. Qxd3 bxa5 30. Rbb1 Qc7 31. a7 a4 32. Nd2 Qa5 33. Bb6 Qa6 34. Bxd8 Rxd8
35. Qd4 a3 36. Qb6 Qa4 37. Nb3 a2 38. Ra1 Kh7 39. Nd4 Qxc4 40. Qa5 Bf6 41. Qxa2
Qc5 42. Qa4 Rc8 43. Nb3 Qb6 44. Rac1 Rxc1 45. Rxc1 d5 46. exd5 Bxd5 47. Nd2 Bg5
48. Rd1 Qe3 49. Ne4 Bf4 50. a8=Q 1-0

[Event "IMSA Blitz 2016"]
[Site "Huai'an CHN"]
[Date "2016.03.01"]
[Round "25.6"]
[White "Tomashevsky, Evgeny"]
[Black "Sargissian, Gabriel"]
[Result "1-0"]
[WhiteTitle "GM"]
[BlackTitle "GM"]
[WhiteElo "2728"]
[BlackElo "2702"]
[WhiteFideId "4147235"]
[BlackFideId "13300881"]
[EventDate "2016.02.28"]

1. e4 e5 2. Nf3 Nc6 3. Bb5 Nf6 4. d3 Bc5 5. O-O Nd4 6. Nxd4 Bxd4 7. Nd2 c6 8.
Ba4 Bb6 9. Nf3 d6 10. h3 h6 11. c3 O-O 12. Re1 Re8 13. Bc2 d5 14. exd5 Qxd5 15.
Bb3 Qd6 16. Be3 Bc7 17. d4 e4 18. Ne5 Be6 19. Bf4 Qe7 20. Bg3 Rad8 21. Bxe6 Qxe6
22. Qb3 Qxb3 23. axb3 a6 24. Nxf7 Kxf7 25. Bxc7 Rd5 26. Re2 c5 27. Bb6 Nd7 28.
Bxc5 Nxc5 29. dxc5 Rxc5 30. Rd1 Re7 31. b4 Rc6 32. Rd4 Rce6 33. Re3 Re5 34. Kf1
R5e6 35. Ke2 Re5 36. Rd6 a5 37. bxa5 Rxa5 38. Rd4 Rae5 39. Rd6 Rb5 40. b4 Rbe5
41. Rd4 R5e6 42. c4 b6 43. g3 Kf6 44. h4 Kf7 45. Rc3 Ra7 46. c5 bxc5 47. bxc5
Rc7 48. Ke3 Re5 49. c6 Re6 50. Rdc4 Kf6 51. Kf4 Kf7 52. Rc5 Kf6 53. h5 Kf7 54.
Ke3 Kf6 55. g4 Re5 56. R3c4 Re6 57. Kf4 Kf7 58. Kf5 Rce7 59. Kf4 Rc7 60. Rf5+
Ke7 61. Re5 Kd6 62. Rxe6+ Kxe6 63. Kxe4 Kd6 64. Kf5 1-0

[Event "IMSA Blitz 2016"]
[Site "Huai'an CHN"]
[Date "2016.03.01"]
[Round "26.3"]
[White "Navara, David"]
[Black "Tomashevsky, Evgeny"]
[Result "1-0"]
[WhiteTitle "GM"]
[BlackTitle "GM"]
[WhiteElo "2734"]
[BlackElo "2728"]
[WhiteFideId "309095"]
[BlackFideId "4147235"]
[EventDate "2016.02.28"]

1. d4 Nf6 2. c4 e6 3. Nf3 b6 4. g3 Bb7 5. Bg2 Be7 6. O-O O-O 7. Re1 d5 8. Ne5
Nbd7 9. Nc3 Nxe5 10. dxe5 Ne4 11. Nxe4 dxe4 12. Qc2 Qd4 13. Bf4 g5 14. Rad1 Qc5
15. b4 Qxb4 16. Bd2 Qa3 17. Bxe4 Bxe4 18. Qxe4 Qxa2 19. h4 Rad8 20. Bxg5 Bxg5
21. Qg4 Rxd1 22. Qxg5+ Kh8 23. Rxd1 Qxe2 24. Rd4 h5 25. Rf4 Qd1+ 26. Kh2 1-0